000 00316nam a22001577a 4500
003 SGT
082 _a611
_bT14S
100 _aSINGH,VISHRAM
245 _aTEXT BOOK OF ANATOMY
250 _a2ND
260 _aDELHI
_bELSEVIER
_c2014
300 _a506
650 _aANATOMY
653 _aANATOMY
942 _2ddc
_cBK
_050
999 _c8266
_d8266